[Event "GER-chT U20"]
[Site "Magdeburg"]
[Date "2023.12.27"]
[Round "1.2"]
[White "Rose, Daniel"]
[Black "Suvorov, Luca"]
[Result "0-1"]
[WhiteElo "1866"]
[BlackElo "2333"]
[PlyCount "68"]
[EventDate "2023.12.26"]
[EventType "team-swiss"]
[EventRounds "7"]
[EventCountry "GER"]
[SourceTitle "CB03_2024"]
[SourceDate "2024.01.17"]
[SourceVersion "1"]
[SourceVersionDate "2024.01.17"]
[SourceQuality "1"]
[WhiteTeam "Koenigsjaeger Sued West"]
[BlackTeam "Porz SG"]
[WhiteTeamCountry "GER"]
[BlackTeamCountry "GER"]

1. d4 Nf6 2. c4 e6 3. Nc3 Bb4 4. Bd2 0-0 5. Nf3 b6 6. g3 d5 7. Bg2 Bb7 8. cxd5 exd5 9. 0-0 Nbd7 10. a3 Bxc3 11. Bxc3 Ne4 12. Rc1 Re8 13. Nd2 Ndf6 14. Nxe4 dxe4 15. Qc2 Rc8 16. Rfd1 Bd5 17. e3 Qd7 18. Bf1 c6 19. Ba6 Rcd8 20. Bf1 h5 21. b4 Qe6 22. Qe2 b5 23. Ba1 h4 24. Rd2 g6 25. h3 Kg7 26. Rdc2 Rd6 27. Qe1 Rh8 28. Bc3 Nh7 29. g4 Ng5 30. Bg2 f5 31. Qe2 fxg4 32. Qxg4 Qxg4 33. hxg4 h3 34. Bh1 Rh4 0-1

[Event "GER-chT U20"]
[Site "Magdeburg"]
[Date "2023.12.27"]
[Round "2.6"]
[White "Triantafillidis, Simeon"]
[Black "Rose, Daniel"]
[Result "0-1"]
[WhiteElo "2026"]
[BlackElo "1866"]
[PlyCount "102"]
[EventDate "2023.12.26"]
[EventType "team-swiss"]
[EventRounds "7"]
[EventCountry "GER"]
[SourceTitle "CB03_2024"]
[SourceDate "2024.01.17"]
[SourceVersion "1"]
[SourceVersionDate "2024.01.17"]
[SourceQuality "1"]
[WhiteTeam "Biberach"]
[BlackTeam "Koenigsjaeger Sued West"]
[WhiteTeamCountry "GER"]
[BlackTeamCountry "GER"]

1. e4 e6 2. d4 d5 3. exd5 exd5 4. Nf3 Nf6 5. Bd3 Be7 6. 0-0 0-0 7. Bf4 Bg4 8. Nbd2 c5 9. c3 cxd4 10. cxd4 Nc6 11. Qb3 Bb4 12. Be5 Nd7 13. Bb5 Bxd2 14. Nxd2 Ndxe5 15. dxe5 Nxe5 16. Ba4 Qa5 17. Qe3 Qxa4 18. Qxe5 Rfe8 19. Qxd5 Rad8 20. Qb3 Qxb3 21. Nxb3 Re2 22. f3 Be6 23. Rf2 Rxf2 24. Kxf2 Bxb3 25. axb3 Rd2+ 26. Kg3 a6 27. Rc1 g6 28. Rc7 b5 29. Ra7 Rxb2 30. Rxa6 Rxb3 31. Rb6 Rb1 32. Kf4 b4 33. h4 b3 34. Kg5 Kg7 35. Kf4 b2 36. g4 h6 37. h5 g5+ 38. Kf5 Rf1 39. Rxb2 Rxf3+ 40. Ke5 Rf4 41. Rg2 Ra4 42. Rg1 Ra5+ 43. Ke4 f5+ 44. gxf5 Kf6 45. Rb1 Ra4+ 46. Kf3 g4+ 47. Kg3 Kg5 48. f6 Ra3+ 49. Kg2 Rf3 50. Rb8 Rxf6 51. Kg3 Rf3+ 0-1

[Event "Heusenstamm Sparkassen op-A 7th"]
[Site "Heusenstamm"]
[Date "2021.11.21"]
[Round "6.32"]
[White "Haack, Kevin"]
[Black "Rose, Daniel"]
[Result "1-0"]
[WhiteElo "2100"]
[BlackElo "1842"]
[PlyCount "77"]
[EventDate "2021.11.18"]
[EventType "swiss"]
[EventRounds "7"]
[EventCountry "GER"]
[SourceTitle "EXT 2023"]
[Source "ChessBase"]
[SourceDate "2022.10.05"]
[SourceVersion "1"]
[SourceVersionDate "2022.10.05"]
[SourceQuality "1"]

1. c4 c5 2. Nc3 Nf6 3. e4 Nc6 4. g3 g6 5. Bg2 Bg7 6. Nge2 d6 7. d3 0-0 8. 0-0 Bd7 9. h3 a6 10. Be3 Rb8 11. a4 b6 12. Kh2 Ne8 13. Qd2 Nc7 14. d4 cxd4 15. Nxd4 Na5 16. Qd3 Ne6 17. Nxe6 fxe6 18. Rab1 Bxc3 19. Qxc3 Bxa4 20. Bh6 Rf7 21. f4 Bb3 22. f5 e5 23. Qc1 e6 24. Bg5 Qd7 25. fxg6 hxg6 26. Bf6 Bxc4 27. Qh6 Rg7 28. Rf2 Rb7 29. Bf1 Qe8 30. Bxg7 Rxg7 31. Rf6 Qa4 32. Rc1 Qb3 33. Rxg6 Rxg6 34. Qxg6+ Kf8 35. Qh6+ Ke8 36. Bxc4 Qxb2+ 37. Kh1 Nxc4 38. Qxe6+ Kf8 39. Rf1+ 1-0

[Event "Heusenstamm Sparkassen op-A 7th"]
[Site "Heusenstamm"]
[Date "2021.11.18"]
[Round "1.48"]
[White "Rose, Daniel"]
[Black "Neidhardt, Helge"]
[Result "1-0"]
[WhiteElo "1842"]
[BlackElo "2070"]
[PlyCount "71"]
[EventDate "2021.11.18"]
[EventType "swiss"]
[EventRounds "7"]
[EventCountry "GER"]
[SourceTitle "EXT 2023"]
[Source "ChessBase"]
[SourceDate "2022.10.05"]
[SourceVersion "1"]
[SourceVersionDate "2022.10.05"]
[SourceQuality "1"]

1. d4 Nf6 2. c4 e6 3. Nc3 Bb4 4. a3 Bxc3+ 5. bxc3 0-0 6. f3 c5 7. e3 b6 8. Bd3 Nc6 9. Nh3 d6 10. Nf2 Ne8 11. 0-0 Qe7 12. Qc2 f5 13. f4 Na5 14. e4 g6 15. Qe2 Qg7 16. Bb2 Bd7 17. e5 Rc8 18. Nh3 dxe5 19. fxe5 Bc6 20. Bc1 Nb3 21. Rb1 Nxc1 22. Rbxc1 Nc7 23. Nf4 Qe7 24. d5 exd5 25. cxd5 Bxd5 26. Nxd5 Nxd5 27. Bc4 Rcd8 28. Rcd1 Qe6 29. Qf3 Qxe5 30. Rfe1 Qg7 31. Bxd5+ Kh8 32. Re6 Rfe8 33. Rde1 Rxe6 34. Rxe6 b5 35. Qe3 b4 36. Re8+ 1-0

[Event "GER-ch U14"]
[Site "Willingen"]
[Date "2021.08.23"]
[Round "1"]
[White "Rose, Daniel"]
[Black "Schott, Andy"]
[Result "0-1"]
[WhiteElo "1848"]
[BlackElo "1555"]
[PlyCount "66"]
[EventDate "2021.08.22"]
[EventType "swiss"]
[EventRounds "9"]
[EventCountry "GER"]
[SourceTitle "EXT 2022"]
[Source "ChessBase"]
[SourceDate "2021.10.06"]
[SourceVersion "1"]
[SourceVersionDate "2021.10.06"]
[SourceQuality "1"]

1. d4 Nf6 2. c4 g6 3. Nc3 d5 4. e3 Bg7 5. Nf3 0-0 6. Bd3 Bg4 7. Qb3 dxc4 8. Qxb7 Nc6 9. Bxc4 Na5 10. Qb4 Nxc4 11. Qxc4 Be6 12. Qe2 c5 13. 0-0 Rc8 14. Rd1 Nd5 15. Nxd5 Qxd5 16. e4 Qb7 17. d5 Bd7 18. e5 Bb5 19. Qe4 Rfd8 20. Bg5 h6 21. e6 f5 22. Qh4 hxg5 23. Nxg5 Be8 24. Qh7+ Kf8 25. d6 Rxd6 26. Rxd6 exd6 27. Re1 Qe7 28. f4 Bd4+ 29. Kf1 Bb5+ 30. Re2 Bxe2+ 31. Kxe2 Qxh7 32. Nxh7+ Ke7 33. Ng5 Bxb2 0-1

[Event "GER-chT U14"]
[Site "Willingen"]
[Date "2021.06.26"]
[Round "6.1"]
[White "Huo, Da"]
[Black "Rose, Daniel"]
[Result "1/2-1/2"]
[WhiteElo "1918"]
[BlackElo "1816"]
[PlyCount "104"]
[EventDate "2021.06.23"]
[EventType "team-swiss"]
[EventRounds "7"]
[EventCountry "GER"]
[SourceTitle "EXT 2022"]
[Source "ChessBase"]
[SourceDate "2021.10.06"]
[SourceVersion "1"]
[SourceVersionDate "2021.10.06"]
[SourceQuality "1"]
[WhiteTeam "Hamburger SK"]
[BlackTeam "Koenigsjaeger Sued West"]
[WhiteTeamCountry "GER"]
[BlackTeamCountry "GER"]

1. e4 d5 2. exd5 Qxd5 3. Nf3 c6 4. Be2 Qa5 5. 0-0 Nf6 6. d4 Qc7 7. c4 Bf5 8. Nc3 e6 9. Nh4 Bg6 10. Bf3 Bb4 11. Re1 Bxc3 12. bxc3 Na6 13. g3 0-0 14. Nxg6 hxg6 15. Bf4 Qd7 16. Rb1 Rfe8 17. Re2 Rec8 18. Reb2 b6 19. a4 Nc7 20. a5 b5 21. Bxc7 Qxc7 22. cxb5 Nd5 23. Bxd5 cxd5 24. b6 axb6 25. axb6 Qb7 26. Qb3 Ra6 27. Qb5 Kh7 28. Rb3 Ra2 29. Qd3 Rc6 30. g4 Ra4 31. Qb5 Ra8 32. Kg2 Rd6 33. Qc5 Rc6 34. Qb5 Rd6 35. Qd3 Ra6 36. Qb5 Rdxb6 37. Qxb6 Rxb6 38. Rxb6 Qc7 39. R1b3 Qf4 40. h3 Qe4+ 41. Kg3 Qe1 42. Kg2 Kh6 43. h4 Qe4+ 44. Kg3 f5 45. gxf5 gxf5 46. Rb1 Qg4+ 47. Kh2 Qxh4+ 48. Kg2 Qe4+ 49. Kf1 Qd3+ 50. Kg2 Qe4+ 51. Kf1 Kg5 52. Re1 Qd3+ 1/2-1/2